Mathematical methods in chemical engineering (Record no. 25039)

000 -LEADER
fixed length control field 00548nam a22002051 4500
001 - CONTROL NUMBER
control field 25039
003 - CONTROL NUMBER IDENTIFIER
control field BD-DhUET
008 - FIXED-LENGTH DATA ELEMENTS--GENERAL INFORMATION
fixed length control field 730313s1963 xx 000 0 eng
040 ## - CATALOGING SOURCE
Original cataloging agency DLC
Transcribing agency OClU
Modifying agency BD-DhUET
082 ## - DEWEY DECIMAL CLASSIFICATION NUMBER
Classification number 660.28
Item number JEN/1963
100 ## - MAIN ENTRY--PERSONAL NAME
Personal name Jenson, V. G.
245 10 - TITLE STATEMENT
Title Mathematical methods in chemical engineering
250 ## - EDITION STATEMENT
Edition statement 1st ed.
260 ## - PUBLICATION, DISTRIBUTION, ETC. (IMPRINT)
Place of publication, distribution, etc. London
Name of publisher, distributor, etc. Academic Press
Date of publication, distribution, etc. 1963
300 ## - PHYSICAL DESCRIPTION
Extent xi, 556 p.
Other physical details illus.
Dimensions 24cm.
504 ## - BIBLIOGRAPHY, ETC. NOTE
Bibliography, etc Includes bibliographies
650 #0 - SUBJECT ADDED ENTRY--TOPICAL TERM
Topical term or geographic name as entry element Chemical engineering
700 ## - ADDED ENTRY--PERSONAL NAME
Personal name Jeffreys, G. V.
942 ## - ADDED ENTRY ELEMENTS (KOHA)
Koha item type General Book
Holdings
Koha item type Damaged status Piece designation (barcode) Location (home branch) Sublocation or collection (holding branch) Copy number Lost status Source of classification or shelving scheme Price effective from Koha full call number Date acquired Shelving location Koha normalized classification for sorting Withdrawn status Not for loan Koha date last seen
General Book 22438Central Library, BUETCentral Library, BUET1  2015-05-12660.28/JEN/19632015-05-12Circulation section660_280000000000000_JEN_1963  2015-05-12
General Book 22440Central Library, BUETCentral Library, BUET2  2015-05-12660.28/JEN/19632015-05-12Circulation section660_280000000000000_JEN_1963  2015-05-12
General Book 22434Central Library, BUETCentral Library, BUET3  2015-05-12660.28/JEN/19632015-05-12Circulation section660_280000000000000_JEN_1963  2015-05-12
General Book 22432Central Library, BUETCentral Library, BUET4  2015-05-18660.28/JEN/19632015-05-18Circulation section660_280000000000000_JEN_1963  2015-05-18
General Book 22435Central Library, BUETCentral Library, BUET5  2015-05-18660.28/JEN/19632015-05-18Circulation section660_280000000000000_JEN_1963  2015-05-18
General Book 29450Central Library, BUETCentral Library, BUET6  2015-05-18660.28/JEN/19632015-05-18Circulation section660_280000000000000_JEN_1963  2015-05-18
General Book 29449Central Library, BUETCentral Library, BUET7  2015-05-18660.28/JEN/19632015-05-18Circulation section660_280000000000000_JEN_1963  2015-05-18
General Book 29448Central Library, BUETCentral Library, BUET8  2015-05-18660.28/JEN/19632015-05-18Circulation section660_280000000000000_JEN_1963  2015-05-18
General Book 29457Central Library, BUETCentral Library, BUET9  2015-05-18660.28/JEN/19632015-05-18Circulation section660_280000000000000_JEN_1963  2015-05-18
General Book 29454Central Library, BUETCentral Library, BUET10  2015-05-18660.28/JEN/19632015-05-18Circulation section660_280000000000000_JEN_1963  2015-05-18
General Book 29453Central Library, BUETCentral Library, BUET11  2015-05-18660.28/JEN/19632015-05-18Circulation section660_280000000000000_JEN_1963  2015-05-18
General Book 29451Central Library, BUETCentral Library, BUET12  2015-05-18660.28/JEN/19632015-05-18Circulation section660_280000000000000_JEN_1963  2015-05-18
General Book 22431Central Library, BUETCentral Library, BUET13  2015-05-18660.28/JEN/19632015-05-18Circulation section660_280000000000000_JEN_1963  2015-05-18
General Book 29452Central Library, BUETCentral Library, BUET14  2015-05-18660.28/JEN/19632015-05-18Circulation section660_280000000000000_JEN_1963  2015-05-18
General Book 22436Central Library, BUETCentral Library, BUET15  2015-05-18660.28/JEN/19632015-05-18Circulation section660_280000000000000_JEN_1963  2015-05-18
Reading Item 29456Central Library, BUETCentral Library, BUET16  2015-06-17660.28/JEN/19632015-06-17Reading section660_280000000000000_JEN_1963  2015-06-17
Reading Item 29455.Central Library, BUETCentral Library, BUET17  2015-06-18660.28/JEN/19632015-06-18Reading section660_280000000000000_JEN_1963  2015-06-18
Reading Item 22439Central Library, BUETCentral Library, BUET18  2015-07-10660.28/JEN/19632015-07-10Reading section660_280000000000000_JEN_1963  2015-07-10